<?xml version="1.0" encoding="UTF-8"?>
<record
    xmlns:xsi="http://www.w3.org/2001/XMLSchema-instance"
    xsi:schemaLocation="http://www.loc.gov/MARC21/slim http://www.loc.gov/standards/marcxml/schema/MARC21slim.xsd"
    xmlns="http://www.loc.gov/MARC21/slim">

  <leader>01489nam a22002537a 4500</leader>
  <controlfield tag="003">AR-RoUNCS</controlfield>
  <controlfield tag="005">20251003114907.0</controlfield>
  <controlfield tag="008">251003r2012    ag bed||r||||l00| 0 spa d</controlfield>
  <datafield tag="020" ind1=" " ind2=" ">
    <subfield code="a">978-987-21919-5-5</subfield>
  </datafield>
  <datafield tag="040" ind1=" " ind2=" ">
    <subfield code="a">AR-RoUNCS</subfield>
    <subfield code="c">AR-RoUNCS</subfield>
  </datafield>
  <datafield tag="080" ind1=" " ind2=" ">
    <subfield code="0">352:821.6</subfield>
  </datafield>
  <datafield tag="245" ind1="0" ind2="0">
    <subfield code="a">Rosario :</subfield>
    <subfield code="b">metr&#xF3;polis y regi&#xF3;n.</subfield>
  </datafield>
  <datafield tag="250" ind1=" " ind2=" ">
    <subfield code="a">1a ed.</subfield>
  </datafield>
  <datafield tag="260" ind1=" " ind2=" ">
    <subfield code="a">Rosario :</subfield>
    <subfield code="b">Instituto de Desarrollo Regional Rosario,</subfield>
    <subfield code="c">2022.</subfield>
  </datafield>
  <datafield tag="300" ind1=" " ind2=" ">
    <subfield code="a">173 p. :</subfield>
    <subfield code="b">il. ;</subfield>
    <subfield code="c">26 cm.</subfield>
  </datafield>
  <datafield tag="490" ind1="0" ind2=" ">
    <subfield code="a">Ciclo 2022</subfield>
  </datafield>
  <datafield tag="505" ind1="2" ind2=" ">
    <subfield code="a">Secci&#xF3;n 1 : Rosario, cabecera de una regi&#xF3;n metropolitana, eje vertebrador de la regi&#xF3;n centro y nodo de comunicaciones del Mercosur -- Secci&#xF3;n 2 : Panel I "Rosario metropolitano : comunidad log&#xED;stica del Mercosur" / Juan Antonio Basadonna ; Martin Sgut. Panel II "Perfil competitivo de la regi&#xF3;n : polo de especializacion agroalimentaria" / Ernesto Liboreiro ; Daniel Costamagna ; Carlos Abalo. Panel III "Nueva institucionalidad para el desarrollo : Agencia Regional de Desarrollo" / Joaquim Teixeira Rivas ; Oscar Madoery. Panel IV "Nuevas instancias de gesti&#xF3;n p&#xFA;blica regional : Ente de Coordinaci&#xF3;n Metropolitana" / Antonio Mar&#xED;a Hern&#xE1;ndez; Isabel Mart&#xED;nez de San Vicente ; H&#xE9;ctor Floriani ; Gualberto Venesia -- Secci&#xF3;n 3 : Estudio de opini&#xF3;n -- Referencias bibliogr&#xE1;ficas.</subfield>
  </datafield>
  <datafield tag="650" ind1=" " ind2="4">
    <subfield code="a">ROSARIO</subfield>
  </datafield>
  <datafield tag="650" ind1=" " ind2="4">
    <subfield code="a">URBANISMO</subfield>
  </datafield>
  <datafield tag="650" ind1=" " ind2="4">
    <subfield code="a">ECONOM&#xCD;A</subfield>
  </datafield>
  <datafield tag="650" ind1=" " ind2="4">
    <subfield code="a">DESARROLLLO DE LA COMUNIDAD</subfield>
  </datafield>
  <datafield tag="710" ind1="1" ind2=" ">
    <subfield code="a">Rosario. </subfield>
    <subfield code="b">Instituto de Desarrollo Regional.</subfield>
  </datafield>
  <datafield tag="942" ind1=" " ind2=" ">
    <subfield code="2">udc</subfield>
    <subfield code="c">OG</subfield>
    <subfield code="n">0</subfield>
  </datafield>
  <datafield tag="999" ind1=" " ind2=" ">
    <subfield code="c">635</subfield>
    <subfield code="d">635</subfield>
  </datafield>
  <datafield tag="952" ind1=" " ind2=" ">
    <subfield code="0">0</subfield>
    <subfield code="1">0</subfield>
    <subfield code="2">udc</subfield>
    <subfield code="4">0</subfield>
    <subfield code="7">0</subfield>
    <subfield code="8">CG</subfield>
    <subfield code="a">ESOCIALES</subfield>
    <subfield code="b">ESOCIALES</subfield>
    <subfield code="d">2025-10-03</subfield>
    <subfield code="e">Donaci&#xF3;n 2023</subfield>
    <subfield code="l">0</subfield>
    <subfield code="o">352:821.6 R789</subfield>
    <subfield code="p">000066</subfield>
    <subfield code="r">2025-10-03 11:49:45</subfield>
    <subfield code="w">2025-10-03</subfield>
    <subfield code="y">OG</subfield>
  </datafield>
</record>
